|
|
|
|
| LEADER |
00574cam a2200193 a 4500 |
| 001 |
0000044954 |
| 005 |
20110421090000.0 |
| 040 |
|
|
|a mod
|
| 041 |
|
|
|a eng
|
| 020 |
0 |
0 |
|a 406080321
|
| 090 |
0 |
0 |
|a 340
|b WOR
|e 1969
|
| 245 |
0 |
0 |
|a Words and phrases
|b legally defined, volume 2 D-H
|c by under the general editiorship of John B. Saunders
|
| 250 |
0 |
0 |
|a 2nd edition
|
| 260 |
0 |
0 |
|a London
|b Butterworth
|c 1969
|
| 300 |
0 |
0 |
|a 383 p.
|c 25 cm
|
| 650 |
0 |
0 |
|a Law
|x terms and phrases
|
| 700 |
1 |
1 |
|a Saunders
|h John B
|
| 852 |
0 |
0 |
|a 01
|
| 999 |
|
|
|a 0024626
|b KEMENTAH
|d BOOKS
|e Rujukan
|f Perpustakaan KEMENTAH
|j AVAILABLE
|q OLD
|